[Event "TCh-TUR Super League 2014"]
[Site "Kocaeli TUR"]
[Date "2014.08.19"]
[Round "2.1"]
[Board "4"]
[White "Keler, Faruk"]
[Black "Yurtseven, Ahmet Can"]
[Result "1/2-1/2"]
[BlackTitle "FM"]
[WhiteElo "2242"]
[BlackElo "2289"]
[WhiteTeam "Ankara Demirspor Kulubu"]
[BlackTeam "Tarsus Zeka Satranc Kulubu"]
[WhiteFideId "6302734"]
[BlackFideId "6300081"]
[EventDate "2014.08.18"]

1. d4 Nf6 2. c4 e6 3. Nc3 Bb4 4. g3 O-O 5. Bg2 d5 6. Qb3 Bxc3+ 7. Qxc3 c6 8. Nf3
Nbd7 9. O-O b6 10. Ne5 Bb7 11. Bg5 h6 12. Nxd7 Qxd7 13. Bxf6 gxf6 14. Rfd1 Qe7
15. Rac1 Ba6 16. cxd5 cxd5 17. Qe3 Rfd8 18. Qxh6 Bxe2 19. Re1 Bd3 20. Re3 Bg6
21. Bh3 Qf8 22. Qf4 Qe7 23. Rc7 Qd6 24. Qxd6 Rxd6 25. f4 a6 26. Kf2 Rad8 27.
Rec3 b5 28. R3c6 Bb1 29. a3 f5 30. Bf1 Ba2 31. Bd3 Bb3 32. Ke3 Kg7 33. Rc3 Bc4
34. b3 Bxd3 35. Kxd3 b4 36. axb4 Rb6 37. R7c6 Rxb4 38. Rxa6 Rdb8 39. Ra3 Kf6 40.
Ke3 Rh8 41. Rc2 Rhb8 42. Rb2 R4b7 43. Kd3 Kg6 44. Kc3 Rc7+ 45. Kd3 Rcb7 46. Kc2
Rc8+ 47. Kd3 Rcb8 48. Ke3 Rb4 49. Kd3 R4b7 50. Kc2 Rc8+ 51. Kd3 1/2-1/2

[Event "TCh-TUR Super League 2014"]
[Site "Kocaeli TUR"]
[Date "2014.08.19"]
[Round "2.1"]
[Board "5"]
[White "Goksel, Doga Cihan"]
[Black "Tuncer, Ufuk"]
[Result "0-1"]
[BlackTitle "FM"]
[WhiteElo "2222"]
[BlackElo "2341"]
[WhiteTeam "Tarsus Zeka Satranc Kulubu"]
[BlackTeam "Ankara Demirspor Kulubu"]
[WhiteFideId "6301924"]
[BlackFideId "6300847"]
[EventDate "2014.08.18"]

1. Nf3 Nf6 2. c4 g6 3. g3 Bg7 4. Bg2 O-O 5. O-O Nc6 6. d4 d5 7. cxd5 Nxd5 8. Nc3
Nb6 9. d5 Na5 10. e4 c6 11. Bg5 Nac4 12. Qe2 h6 13. Bf4 cxd5 14. exd5 g5 15. Bc1
Bg4 16. h3 Bh5 17. Rd1 Rc8 18. g4 Bg6 19. a4 a5 20. h4 Qd7 21. hxg5 Qxg4 22.
gxh6 Bxc3 23. bxc3 Be4 24. Rd4 f5 25. Kf1 Nd6 26. h7+ Kh8 27. Ne1 Qxe2+ 28. Kxe2
Kxh7 29. f3 Bxd5 30. Be3 Bc4+ 31. Kf2 Nd5 32. Rh4+ Kg6 33. Bd4 Nf7 34. f4 Nxf4
35. Bxb7 Rb8 36. Nf3 Nd3+ 37. Ke3 e5 38. Rg1+ Kf6 39. Nxe5 Ndxe5 40. Kf4 Rh8 41.
Rxh8 Rxh8 42. Rh1 Rxh1 43. Bxh1 Ke6 44. Bb6 Bb3 45. Bxa5 Bxa4 46. Bb7 Ng6+ 47.
Kg3 Nd6 48. Ba8 Bb3 49. Bc6 Bd5 50. Ba4 Ne4+ 51. Kh2 Ne5 52. Bc2 Nc6 53. Bxe4
fxe4 54. Bb6 Kf5 55. Kg3 Ne5 56. Kf2 Ng4+ 57. Kg3 Bc4 58. Bd4 Nf6 59. Kf2 Nd5
60. Kg3 Kg5 61. Kf2 Kf4 62. Ke1 Kf3 63. Kd2 Ne7 64. Ba7 Nc6 65. Bc5 Na5 66. Ba7
Nb3+ 67. Ke1 Be2 68. c4 e3 0-1

[Event "TCh-TUR Super League 2014"]
[Site "Kocaeli TUR"]
[Date "2014.08.19"]
[Round "2.1"]
[Board "6"]
[White "Gyokbulut, Julia"]
[Black "Gvetadze, Sofio"]
[Result "0-1"]
[WhiteTitle "WFM"]
[BlackTitle "IM"]
[WhiteElo "2098"]
[BlackElo "2361"]
[WhiteTeam "Ankara Demirspor Kulubu"]
[BlackTeam "Tarsus Zeka Satranc Kulubu"]
[WhiteFideId "4153979"]
[BlackFideId "13601440"]
[EventDate "2014.08.18"]

1. d4 Nf6 2. c4 e6 3. Nf3 d5 4. Nc3 Bb4 5. cxd5 exd5 6. Bg5 Nbd7 7. a3 Bxc3+ 8.
bxc3 c5 9. c4 dxc4 10. Bxf6 Nxf6 11. Qc2 Qa5+ 12. Nd2 Be6 13. e3 cxd4 14. exd4
O-O 15. Be2 Bf5 16. Qc1 Rfe8 17. Kf1 Rxe2 18. Nxc4 Qa6 19. Kxe2 Rc8 20. Kd1 Rxc4
21. Qf4 Rc2 22. Qe3 Qa4 23. Ke1 Ng4 24. Qe7 Qa5+ 25. Qb4 Qa6 26. Qe7 h6 27. h3
Qd3 28. Rd1 Qc3+ 29. Kf1 Rxf2+ 30. Kg1 Rxg2+ 31. Kxg2 Qc2+ 0-1

[Event "TCh-TUR Super League 2014"]
[Site "Kocaeli TUR"]
[Date "2014.08.19"]
[Round "2.1"]
[Board "7"]
[White "Komut, Burak"]
[Black "Yuksel, Atilla Koksal"]
[Result "1-0"]
[BlackTitle "CM"]
[WhiteElo "1951"]
[BlackElo "2107"]
[WhiteTeam "Tarsus Zeka Satranc Kulubu"]
[BlackTeam "Ankara Demirspor Kulubu"]
[WhiteFideId "6309984"]
[BlackFideId "6306667"]
[EventDate "2014.08.18"]

1. d4 d5 2. c4 e6 3. Nc3 Nf6 4. cxd5 exd5 5. Bg5 Nbd7 6. e3 c6 7. Bd3 Be7 8. Qc2
O-O 9. Nf3 Re8 10. O-O Nf8 11. h3 g6 12. Rab1 Ne6 13. Bh4 Ng7 14. b4 a6 15. a4
Bf5 16. Bxf5 Nxf5 17. Bxf6 Bxf6 18. b5 axb5 19. axb5 Qd6 20. bxc6 bxc6 21. Na4
Ne7 22. Rb7 Reb8 23. Rfb1 Rxb7 24. Rxb7 Rb8 25. Qb3 Ra8 26. g4 g5 27. Nc5 Rd8
28. Qb6 h6 29. Qa7 Nc8 30. Qa5 Re8 31. Nd7 Bg7 32. Nde5 Re7 33. Qa8 Re8 34. Rb8
Qe6 35. Qxc6 Nd6 36. Rxe8+ Nxe8 37. Qa8 Kh7 38. Nd3 Nf6 39. Nfe5 Ne4 40. Qb7 Kg8
41. f3 Nf6 42. Nc5 Qe8 43. Kf2 Bf8 44. Ncd7 Nxd7 45. Qxd7 Qe6 46. Qxe6 fxe6 47.
e4 Bg7 48. Nc6 Kf7 49. Ke3 Bf6 50. Kd3 Bg7 51. Kc3 dxe4 52. fxe4 Ke8 53. Kc4 Kd7
54. d5 Kd6 55. Nd8 exd5+ 56. exd5 Ke5 57. Ne6 Bf6 58. Kc5 Ke4 59. d6 Kf3 60. Kd5
Kg3 61. Ke4 Kxh3 62. Kf5 Bc3 63. d7 Ba5 64. Nxg5+ hxg5 65. Kxg5 Kg3 66. Kf5 Kh4
67. g5 Kh5 68. g6 1-0

[Event "TCh-TUR Super League 2014"]
[Site "Kocaeli TUR"]
[Date "2014.08.19"]
[Round "2.1"]
[Board "8"]
[White "Sop, Selen"]
[Black "Kaplan, Ebru"]
[Result "0-1"]
[WhiteTitle "WFM"]
[WhiteElo "1961"]
[BlackElo "1882"]
[WhiteTeam "Ankara Demirspor Kulubu"]
[BlackTeam "Tarsus Zeka Satranc Kulubu"]
[WhiteFideId "6300278"]
[BlackFideId "6315194"]
[EventDate "2014.08.18"]

1. e4 e5 2. Nf3 Nc6 3. Bb5 a6 4. Bxc6 dxc6 5. O-O Bg4 6. h3 Bxf3 7. Qxf3 Qd7 8.
d3 O-O-O 9. Be3 f6 10. Nd2 h5 11. Rfb1 g5 12. Qd1 g4 13. hxg4 hxg4 14. Nf1 Ne7
15. Ng3 Bh6 16. Qd2 Bxe3 17. Qxe3 Kb8 18. b4 f5 19. exf5 Nxf5 20. Nxf5 Qxf5 21.
Re1 Qh5 22. Kf1 Qh1+ 23. Ke2 Qxg2 24. Rg1 Qh3 25. Qe4 Rd4 26. Qxe5 Rxb4 27. Rg3
Qh6 28. Re3 Rf4 29. Re1 Rhf8 30. Kd1 Rxf2 31. Qc5 Rf1 32. Rxf1 Rxf1+ 33. Ke2 Qf8
34. Re8+ Qxe8+ 35. Kxf1 Qf7+ 36. Kg1 Qf3 37. a3 g3 38. a4 b6 39. Qd4 c5 40. Qh8+
Ka7 41. Qh7 Qf2+ 42. Kh1 Qf1# 0-1

[Event "TCh-TUR Super League 2014"]
[Site "Kocaeli TUR"]
[Date "2014.08.19"]
[Round "2.1"]
[Board "9"]
[White "Sevgi, Volkan"]
[Black "Erdem, Atakan"]
[Result "1-0"]
[WhiteTitle "FM"]
[WhiteElo "2142"]
[BlackElo "1862"]
[WhiteTeam "Tarsus Zeka Satranc Kulubu"]
[BlackTeam "Ankara Demirspor Kulubu"]
[WhiteFideId "6325335"]
[BlackFideId "6328881"]
[EventDate "2014.08.18"]

1. e4 e5 2. Nc3 Nf6 3. g3 d5 4. exd5 Nxd5 5. Bg2 Nxc3 6. bxc3 c6 7. Ne2 Bd6 8.
O-O O-O 9. c4 Nd7 10. d3 Re8 11. Be3 Nf8 12. a4 Bc7 13. Rb1 Ne6 14. c3 Qe7 15.
d4 Rd8 16. Qc1 a5 17. Rd1 Bd6 18. c5 Bc7 19. h4 Rb8 20. Qa3 Bd7 21. Qa2 h6 22.
Rd2 Re8 23. Rbd1 Nf8 24. d5 cxd5 25. Bxd5 Bc6 26. c4 Red8 27. Nc3 Ne6 28. Nb5
Rbc8 29. Na7 Ra8 30. Nxc6 bxc6 31. Bxc6 Rac8 32. Rd7 Qf6 33. Rxd8+ Rxd8 34.
Rxd8+ Qxd8 35. Bd5 Qe7 36. Bxe6 Qxe6 37. Qb3 f5 38. Qb7 Qf7 39. Qa8+ Kh7 40. Qd5
Qe7 41. c6 Kg6 42. h5+ Kf6 43. Bc5 Qf7 44. f4 Qe6 45. fxe5+ Kf7 46. Bd6 Bb6+ 47.
Kg2 Bd8 48. c7 1-0

[Event "TCh-TUR Super League 2014"]
[Site "Kocaeli TUR"]
[Date "2014.08.19"]
[Round "2.1"]
[Board "10"]
[White "Kose, Ulya"]
[Black "Okuyaz, Duru"]
[Result "1/2-1/2"]
[BlackTitle "WCM"]
[WhiteElo "1512"]
[BlackElo "1888"]
[WhiteTeam "Ankara Demirspor Kulubu"]
[BlackTeam "Tarsus Zeka Satranc Kulubu"]
[WhiteFideId "6372813"]
[BlackFideId "6346022"]
[EventDate "2014.08.18"]

1. e4 c5 2. c3 d5 3. exd5 Qxd5 4. d4 cxd4 5. cxd4 Nc6 6. Nf3 e6 7. Nc3 Bb4 8.
Be2 Nf6 9. O-O Bxc3 10. bxc3 O-O 11. c4 Qd6 12. Qd3 Rd8 13. Rd1 b6 14. Bg5 Bb7
15. Bxf6 gxf6 16. Qe3 Ne7 17. Nh4 Ng6 18. Nxg6 hxg6 19. Qh6 Be4 20. Qh4 Bc2 21.
Rd2 g5 22. Qh6 Bg6 23. Rad1 Qf4 1/2-1/2

[Event "TCh-TUR Super League 2014"]
[Site "Kocaeli TUR"]
[Date "2014.08.19"]
[Round "2.2"]
[Board "1"]
[White "Ding, Liren"]
[Black "Harikrishna, Pentala"]
[Result "1/2-1/2"]
[WhiteTitle "GM"]
[BlackTitle "GM"]
[WhiteElo "2742"]
[BlackElo "2725"]
[WhiteTeam "T.S. Alyans Satranc Spor Kulubu"]
[BlackTeam "Istanbul Teknik Universitesi Socar – K.N.I."]
[WhiteFideId "8603677"]
[BlackFideId "5007003"]
[EventDate "2014.08.18"]

1. d4 Nf6 2. c4 e6 3. Nf3 b6 4. g3 Ba6 5. Qc2 Bb7 6. Bg2 c5 7. d5 exd5 8. cxd5
Nxd5 9. O-O Nc6 10. Rd1 Be7 11. Qa4 Nf6 12. Nc3 O-O 13. g4 Ne8 14. Ne5 Nxe5 15.
Bxb7 Rb8 16. Bg2 d6 17. g5 Nc7 18. Bf4 Ng6 19. Bg3 b5 20. Qg4 Qc8 21. Qxc8 Rfxc8
22. Ne4 Ne8 23. Nxd6 Nxd6 24. Bxd6 Bxd6 25. Rxd6 Nf4 26. e3 Ne6 27. f4 Rd8 28.
Rad1 Rxd6 29. Rxd6 Rd8 30. Ra6 g6 31. Rxa7 Rd2 32. b3 c4 33. bxc4 bxc4 34. Ra8+
Kg7 35. Rc8 Rxa2 36. Rxc4 h6 37. h4 hxg5 38. hxg5 Rd2 39. Bh3 Kf8 40. Bxe6 fxe6
41. Rc5 Re2 42. Re5 Ke7 43. Kf1 Ra2 44. Ke1 Kf7 45. Kd1 Ke7 46. Rc5 Kf7 47. Rc7+
Kf8 48. Rc2 Ra5 49. Rc6 Kf7 50. Kc2 e5 51. Rf6+ Kg7 52. f5 gxf5 53. Rxf5 Kg6 54.
e4 Rc5+ 55. Kb3 Rc1 56. Rxe5 Rc8 57. Kb4 Rc1 58. Kb5 Rc8 59. Kb6 Rc4 60. Kb7 Rc1
61. Ra5 Rc4 62. Re5 Rc1 1/2-1/2

[Event "TCh-TUR Super League 2014"]
[Site "Kocaeli TUR"]
[Date "2014.08.19"]
[Round "2.2"]
[Board "3"]
[White "Haznedaroglu, Kivanc"]
[Black "Can, Emre"]
[Result "1/2-1/2"]
[WhiteTitle "GM"]
[BlackTitle "GM"]
[WhiteElo "2471"]
[BlackElo "2529"]
[WhiteTeam "T.S. Alyans Satranc Spor Kulubu"]
[BlackTeam "Istanbul Teknik Universitesi Socar – K.N.I."]
[WhiteFideId "6300634"]
[BlackFideId "6302181"]
[EventDate "2014.08.18"]

1. e4 c5 2. Nf3 Nc6 3. d4 cxd4 4. Nxd4 g6 5. c4 Bg7 6. Be3 Nf6 7. Nc3 O-O 8. Be2
d6 9. O-O Bd7 10. Re1 Nxd4 11. Bxd4 Bc6 12. Bd3 a5 13. Qd2 a4 14. Rad1 Qa5 15.
Nd5 Bxd5 16. Qxa5 Rxa5 17. exd5 Re8 18. Bb6 Raa8 19. c5 Kf8 20. Bb5 Rec8 21. c6
bxc6 22. Bxc6 Ra6 23. Bd4 Rb8 24. Re2 e6 25. Rc2 Nxd5 26. Bxg7+ Kxg7 27. Bxd5
exd5 1/2-1/2

[Event "TCh-TUR Super League 2014"]
[Site "Kocaeli TUR"]
[Date "2014.08.19"]
[Round "2.2"]
[Board "4"]
[White "Ipatov, Alexander"]
[Black "Yilmazyerli, Mert"]
[Result "1/2-1/2"]
[WhiteTitle "GM"]
[BlackTitle "FM"]
[WhiteElo "2614"]
[BlackElo "2454"]
[WhiteTeam "Istanbul Teknik Universitesi Socar – K.N.I."]
[BlackTeam "T.S. Alyans Satranc Spor Kulubu"]
[WhiteFideId "14116731"]
[BlackFideId "6305962"]
[EventDate "2014.08.18"]

1. b3 g6 2. Bb2 Nf6 3. Bxf6 exf6 4. c4 Bg7 5. Nc3 b6 6. Nf3 Bb7 7. e3 f5 8. g3
Bxc3 9. dxc3 Qf6 10. Rc1 Nc6 11. Bg2 O-O-O 12. O-O Ne5 13. a4 d5 14. Nxe5 Qxe5
15. Qd4 Qxd4 16. cxd4 dxc4 17. Bxb7+ Kxb7 18. Rxc4 a5 19. Rfc1 Rd7 20. Kg2 Re8
21. h3 h5 22. Kf3 Re4 23. Rc6 Rde7 24. Rf6 Kb8 25. Rg1 R4e6 26. Rxe6 Rxe6 27.
Kf4 f6 28. g4 hxg4 29. hxg4 Re4+ 30. Kf3 Rxg4 31. Rxg4 fxg4+ 32. Kxg4 c5 33.
dxc5 bxc5 34. e4 Kc7 35. f4 1/2-1/2

[Event "TCh-TUR Super League 2014"]
[Site "Kocaeli TUR"]
[Date "2014.08.19"]
[Round "2.2"]
[Board "5"]
[White "Arduman, Can"]
[Black "Gurevich, Mikhail"]
[Result "1/2-1/2"]
[WhiteTitle "IM"]
[BlackTitle "GM"]
[WhiteElo "2347"]
[BlackElo "2571"]
[WhiteTeam "T.S. Alyans Satranc Spor Kulubu"]
[BlackTeam "Istanbul Teknik Universitesi Socar – K.N.I."]
[WhiteFideId "6300022"]
[BlackFideId "200930"]
[EventDate "2014.08.18"]

1. d4 d5 2. c4 c6 3. Nf3 Nf6 4. e3 e6 5. b3 c5 6. cxd5 exd5 7. Bb5+ Nc6 8. O-O
Bg4 9. dxc5 Bxc5 10. Bxc6+ bxc6 11. Qc2 Qd6 12. Nbd2 O-O 13. Bb2 Nd7 14. Rac1
Rfe8 15. Bd4 Bxd4 16. exd4 Rac8 17. Rfe1 Rxe1+ 18. Rxe1 h6 19. h3 Be6 20. Qb2 a5
21. Rc1 Qb4 22. Rc3 Bf5 23. Qc1 Qb6 24. Qa3 Qb4 25. Qc1 Qd6 26. Re3 Qb4 27. Rc3
Qb6 28. Qa3 Qb4 1/2-1/2

[Event "TCh-TUR Super League 2014"]
[Site "Kocaeli TUR"]
[Date "2014.08.19"]
[Round "2.2"]
[Board "6"]
[White "Asan, Elvan"]
[Black "Wang, Jue"]
[Result "0-1"]
[BlackTitle "WGM"]
[WhiteElo "1821"]
[BlackElo "2368"]
[WhiteTeam "Istanbul Teknik Universitesi Socar – K.N.I."]
[BlackTeam "T.S. Alyans Satranc Spor Kulubu"]
[WhiteFideId "6312209"]
[BlackFideId "8604070"]
[EventDate "2014.08.18"]

1. e4 c5 2. Nf3 e6 3. d3 Nc6 4. g3 g6 5. Bg2 Bg7 6. O-O Nge7 7. Nbd2 O-O 8. Re1
b6 9. c3 Bb7 10. Nf1 e5 11. Ne3 d6 12. h4 h6 13. Ng4 Kh7 14. Qd2 Ng8 15. Ne3 Nf6
16. Nh2 Ne7 17. c4 Nc6 18. Nhg4 Nxg4 19. Nxg4 h5 20. Nh2 Nd4 21. Nf3 Nxf3+ 22.
Bxf3 f5 23. Qg5 Qd7 24. Bg2 f4 25. gxf4 Bh6 26. Qg3 Bxf4 27. Qh3 Qe7 28. Be3 Bc8
29. Qh1 Bg4 30. f3 Bxe3+ 31. Rxe3 Be6 32. Bh3 Bxh3 33. Qxh3 Rf4 34. Kf2 Rxh4 35.
Qg3 Rf8 36. Rg1 Rg4 37. Qh2 Rgf4 38. Qg3 Qf6 39. Rh1 Kh6 40. Kg2 g5 41. Rh3 g4
42. fxg4 Rxg4 0-1

[Event "TCh-TUR Super League 2014"]
[Site "Kocaeli TUR"]
[Date "2014.08.19"]
[Round "2.2"]
[Board "7"]
[White "Topak, Engin"]
[Black "Sanal, Vahap"]
[Result "0-1"]
[WhiteTitle "FM"]
[BlackTitle "IM"]
[WhiteElo "2208"]
[BlackElo "2473"]
[WhiteTeam "T.S. Alyans Satranc Spor Kulubu"]
[BlackTeam "Istanbul Teknik Universitesi Socar – K.N.I."]
[WhiteFideId "6300324"]
[BlackFideId "6300545"]
[EventDate "2014.08.18"]

1. d4 Nf6 2. c4 e6 3. Nf3 b6 4. g3 Ba6 5. b3 Bb4+ 6. Bd2 Be7 7. Bg2 c6 8. Bc3 d5
9. Nbd2 Nbd7 10. O-O O-O 11. Rc1 Rc8 12. Re1 c5 13. Bb2 cxd4 14. Nxd4 Bb7 15.
Rc2 Bc5 16. cxd5 Nxd5 17. a3 e5 18. N4f3 e4 19. Nxe4 Ne3 20. fxe3 Bxe4 21. Rc3
b5 22. Qc1 Re8 23. Bh3 f5 24. b4 Bb6 25. Rxc8 Qxc8 26. Nd4 Qb7 27. Nxb5 Rc8 28.
Qd1 Bxe3+ 29. Kf1 Qxb5 30. Qb3+ Qd5 31. Qxe3 Re8 32. Qxa7 Bd3 33. Bg2 Bxe2+ 34.
Kf2 Qd2 35. Bc1 Qd3 36. Bf4 Nf6 37. Qc5 g5 38. Bxg5 Re5 39. Qxe5 0-1

[Event "TCh-TUR Super League 2014"]
[Site "Kocaeli TUR"]
[Date "2014.08.19"]
[Round "2.2"]
[Board "8"]
[White "Abdumalik, Zhansaya"]
[Black "Soydan, Busra"]
[Result "1-0"]
[WhiteTitle "WGM"]
[WhiteElo "2333"]
[BlackElo "1762"]
[WhiteTeam "Istanbul Teknik Universitesi Socar – K.N.I."]
[BlackTeam "T.S. Alyans Satranc Spor Kulubu"]
[WhiteFideId "13703544"]
[BlackFideId "6318673"]
[EventDate "2014.08.18"]

1. e4 c5 2. Nf3 Nc6 3. d4 cxd4 4. Nxd4 g6 5. c4 Bg7 6. Be3 Nf6 7. Nc3 Nxd4 8.
Bxd4 d6 9. Be2 O-O 10. O-O a5 11. f3 Be6 12. Rc1 Nd7 13. Be3 Nc5 14. b3 f5 15.
exf5 Bxf5 16. Qd2 Rf7 17. Nd5 Qf8 18. Rfe1 h5 19. Bf1 e5 20. Nc3 Rd7 21. Rcd1
Be6 22. Nd5 Ra6 23. Nc3 Ra8 24. Qc1 Rc8 25. Be2 Kh7 26. Rf1 Qd8 27. Qd2 Bf8 28.
Kh1 b6 29. Nd5 Bxd5 30. Qxd5 Bh6 31. Bg1 Qg5 32. Rb1 Re8 33. Qc6 Qd8 34. Rfd1
Re6 35. Qd5 Qe7 36. a3 e4 37. b4 Na4 38. Rb3 Re5 39. Qc6 b5 40. c5 exf3 41. Bxf3
Rc7 42. Qxb5 dxc5 43. Qxa4 cxb4 44. axb4 axb4 45. Rxb4 Be3 46. Bxe3 Rxe3 47. Re4
Rxe4 48. Qxe4 Qxe4 49. Bxe4 Re7 50. Bd3 1-0

[Event "TCh-TUR Super League 2014"]
[Site "Kocaeli TUR"]
[Date "2014.08.19"]
[Round "2.2"]
[Board "9"]
[White "Dedebas, Emre Emin"]
[Black "Aydincelebi, Kagan"]
[Result "1-0"]
[BlackTitle "FM"]
[WhiteElo "1868"]
[BlackElo "1811"]
[WhiteTeam "T.S. Alyans Satranc Spor Kulubu"]
[BlackTeam "Istanbul Teknik Universitesi Socar – K.N.I."]
[WhiteFideId "6349005"]
[BlackFideId "6361102"]
[EventDate "2014.08.18"]

1. d4 Nf6 2. Nf3 c5 3. d5 d6 4. Nc3 g6 5. e4 Bg7 6. Bg5 O-O 7. Nd2 Na6 8. Be2
Nc7 9. O-O Rb8 10. a4 b6 11. f4 h6 12. Bh4 Nh7 13. Bd3 Bb7 14. Qg4 Nf6 15. Qe2
Qd7 16. Nb5 Ra8 17. a5 Nxb5 18. Bxb5 Qc7 19. Nc4 Nh7 20. c3 Rfd8 21. a6 Bc8 22.
Bc6 Rb8 23. Na3 g5 24. Nb5 1-0

[Event "TCh-TUR Super League 2014"]
[Site "Kocaeli TUR"]
[Date "2014.08.19"]
[Round "2.2"]
[Board "10"]
[White "Hereklioglu, Sude"]
[Black "Ozbay, Ece"]
[Result "1-0"]
[WhiteTitle "WCM"]
[WhiteElo "1846"]
[BlackElo "1611"]
[WhiteTeam "Istanbul Teknik Universitesi Socar – K.N.I."]
[BlackTeam "T.S. Alyans Satranc Spor Kulubu"]
[WhiteFideId "6359531"]
[BlackFideId "6351743"]
[EventDate "2014.08.18"]

1. e4 c5 2. Nf3 Nc6 3. Bb5 g6 4. Bxc6 dxc6 5. d3 Bg7 6. h3 Nf6 7. Nc3 O-O 8. Be3
b6 9. O-O Be6 10. Ng5 Qc8 11. Qe2 Ne8 12. f4 h6 13. Nxe6 fxe6 14. Qg4 Kh7 15. e5
Nc7 16. Rf3 Qe8 17. Qh4 Nd5 18. Ne4 Nxe3 19. Rxe3 Kg8 20. Rf1 Qf7 21. Ref3 Rad8
22. g4 Rd7 23. a4 a5 24. Qg3 Rd4 25. b3 Rd5 26. Nc3 Rd7 27. Qe1 Rdd8 28. Qe4 Qe8
29. Kh1 Rd4 30. Qe3 Kh7 31. Ne2 Rd5 32. Qe4 Kh8 33. c4 Rd8 34. d4 Kh7 35. Rg1
Kh8 36. h4 Rc8 37. f5 exf5 38. gxf5 gxf5 39. Rxf5 Rxf5 40. Qxf5 Qf8 41. Qg4 Rd8
42. Nf4 Rxd4 43. Ng6+ Kg8 44. Nxf8 Rxg4 45. Rxg4 Kxf8 46. e6 Bf6 47. Kg2 h5 48.
Rf4 Kg7 49. Kf3 Kh6 50. Ke4 Kg6 51. Kf3 Kh6 52. Rxf6+ Kg7 53. Rf7+ Kg8 54. Rxe7
Kf8 55. Rh7 Ke8 56. Rxh5 Ke7 57. Re5 Ke8 58. e7 b5 59. h5 bxa4 60. bxa4 Kf7 61.
e8=Q+ Kf6 62. Qe7# 1-0

[Event "TCh-TUR Super League 2014"]
[Site "Kocaeli TUR"]
[Date "2014.08.19"]
[Round "2.3"]
[Board "2"]
[White "Duman, Aydin"]
[Black "Gagunashvili, Merab"]
[Result "0-1"]
[BlackTitle "GM"]
[WhiteElo "2244"]
[BlackElo "2573"]
[WhiteTeam "Mersin Ezgi Satranc Kulubu"]
[BlackTeam "Turk Hava Yollari Spor Kulubu"]
[WhiteFideId "6301304"]
[BlackFideId "13601652"]
[EventDate "2014.08.18"]

1. e4 d6 2. d4 Nf6 3. Nc3 g6 4. Bg5 Bg7 5. Qd2 O-O 6. f4 a6 7. Bd3 b5 8. Nf3 Bb7
9. Qe3 Nbd7 10. O-O c5 11. dxc5 Nxc5 12. e5 Ng4 13. Qe2 dxe5 14. fxe5 Bxf3 15.
gxf3 Nxe5 16. Be4 Nxe4 17. Qxe4 Qb6+ 18. Be3 Qe6 19. Nd5 f5 20. Nc7 fxe4 21.
Nxe6 Rxf3 22. Bd4 Bf6 23. Rae1 Rxf1+ 24. Kxf1 Nf3 0-1

[Event "TCh-TUR Super League 2014"]
[Site "Kocaeli TUR"]
[Date "2014.08.19"]
[Round "2.3"]
[Board "3"]
[White "Kerigan, Demre"]
[Black "Ataman, Alper Efe"]
[Result "1-0"]
[WhiteTitle "FM"]
[BlackTitle "FM"]
[WhiteElo "2343"]
[BlackElo "2141"]
[WhiteTeam "Turk Hava Yollari Spor Kulubu"]
[BlackTeam "Mersin Ezgi Satranc Kulubu"]
[WhiteFideId "6307841"]
[BlackFideId "6301606"]
[EventDate "2014.08.18"]

1. e4 g6 2. d4 Bg7 3. Nc3 d6 4. Be3 a6 5. Qd2 Nd7 6. h4 h6 7. O-O-O b5 8. f3 Bb7
9. Qf2 Rc8 10. Nge2 e6 11. d5 exd5 12. exd5 Ngf6 13. Nf4 Ne5 14. g4 b4 15. Nce2
c6 16. Bh3 Nfd7 17. dxc6 Rxc6 18. Kb1 O-O 19. Nd4 Rc4 20. Bg2 Re8 21. h5 g5 22.
Nfe2 Nxg4 23. fxg4 Bxg2 24. Qxg2 Rxe3 25. Nf5 Qf6 26. Ned4 Re8 27. Rhf1 Bf8 28.
Qb7 Qd8 29. Nc6 Qb6 30. Qxd7 Qxc6 31. Nxh6+ Bxh6 32. Qxf7+ Kh8 33. Rf6 Bg7 34.
h6 1-0

[Event "TCh-TUR Super League 2014"]
[Site "Kocaeli TUR"]
[Date "2014.08.19"]
[Round "2.3"]
[Board "4"]
[White "Sengul, Cengiz"]
[Black "Genc, Cihan Sevinc"]
[Result "0-1"]
[WhiteElo "2201"]
[BlackElo "2213"]
[WhiteTeam "Mersin Ezgi Satranc Kulubu"]
[BlackTeam "Turk Hava Yollari Spor Kulubu"]
[WhiteFideId "6302785"]
[BlackFideId "6304370"]
[EventDate "2014.08.18"]

1. c4 Nf6 2. Nc3 e6 3. e4 d5 4. e5 Ne4 5. Nf3 Nxc3 6. bxc3 c5 7. d4 Nc6 8. Be2
cxd4 9. cxd4 dxc4 10. Bxc4 Bb4+ 11. Bd2 Qa5 12. a3 Bxd2+ 13. Qxd2 Qxd2+ 14. Kxd2
O-O 15. Rhc1 Rd8 16. Ke3 Ne7 17. Bb3 Bd7 18. g4 h5 19. h3 Bc6 20. Ng5 hxg4 21.
hxg4 Nd5+ 22. Bxd5 Rxd5 23. Ne4 Rad8 24. Nd6 f6 25. f4 g5 26. Rc4 gxf4+ 27. Kxf4
Rf8 28. Nf5 exf5 29. gxf5 Rfd8 30. Rg1+ Kf8 31. Ke3 fxe5 32. dxe5 Rxe5+ 33. Kf4
Rdd5 34. Rg5 Re1 35. Rc3 Rd2 36. Rgg3 Rf2+ 37. Kg5 Re5 0-1

[Event "TCh-TUR Super League 2014"]
[Site "Kocaeli TUR"]
[Date "2014.08.19"]
[Round "2.3"]
[Board "5"]
[White "Yaramis, Hakan"]
[Black "Hajiyev, Shahin"]
[Result "1-0"]
[WhiteElo "2089"]
[BlackElo "2014"]
[WhiteTeam "Turk Hava Yollari Spor Kulubu"]
[BlackTeam "Mersin Ezgi Satranc Kulubu"]
[WhiteFideId "6304613"]
[BlackFideId "13401238"]
[EventDate "2014.08.18"]

1. d4 d5 2. c4 c6 3. Nc3 Nf6 4. Nf3 e6 5. e3 Nbd7 6. Bd3 dxc4 7. Bxc4 b5 8. Bd3
Bb7 9. e4 b4 10. Na4 c5 11. e5 Nd5 12. O-O cxd4 13. Nxd4 a6 14. Nxe6 fxe6 15.
Qh5+ Ke7 16. Bg5+ N5f6 17. exf6+ gxf6 18. Bh4 Qe8 19. Qg4 Kf7 20. Bg3 f5 21.
Qh5+ Kg7 22. Qxe8 Rxe8 23. Rac1 Rc8 24. Rxc8 Bxc8 25. Rc1 Be7 26. Rc6 Nf6 27.
Nb6 Rd8 28. Bf1 Bb7 29. Rc7 Nd5 30. Rxb7 1-0